Capitals del món - Statistics

General Stats
  • This quiz has been taken 7 times
  • The average score is 108 of 196
Answer Stats
% Correct
Andorra Andorra la Vella
100%
Grècia Atenes
100%
Alemanya Berlín
100%
Bèlgica Brussel·les
100%
Hongria Budapest
100%
Finlàndia Hèlsinki
100%
Bielorússia Minsk
100%
França París
100%
República Txeca Praga
100%
Bòsnia i Hercegovina Sarajevo
100%
Bulgària Sofia
100%
Albània Tirana
100%
Àustria Viena
100%
Croàcia Zagreb
100%
Països Baixos Amsterdam
83%
Tailàndia Bangkok
83%
Sèrbia Belgrad
83%
Suïssa Berna
83%
Romania Bucarest
83%
Ciutat del Vaticà Ciutat del Vaticà
83%
Mèxic Ciutat de Mèxic
83%
Dinamarca Copenhaguen
83%
Irlanda Dublín
83%
Suècia Estocolm
83%
Ucraïna Kíev
83%
Portugal Lisboa
83%
Regne Unit Londres
83%
Espanya Madrid
83%
Nicaragua Managua
83%
Mònaco Mònaco
83%
Rússia Moscou
83%
Índia Nova Delhi
83%
Noruega Oslo
83%
Canadà Ottawa
83%
Xina Pequín
83%
Itàlia Roma
83%
Costa Rica San José
83%
San Marino San Marino
83%
Polònia Varsòvia
83%
Estats Units Washington D.C.
83%
Emirats Àrabs Units Abu Dhabi
67%
Etiòpia Addis Abeba
67%
Turquia Ankara
67%
Paraguai Asunción
67%
Colòmbia Bogotà
67%
Brasil Brasília
67%
Argentina Buenos Aires
67%
Austràlia Canberra
67%
Veneçuela Caracas
67%
Moldàvia Chișinău
67%
Panamà Ciutat de Panamà
67%
Senegal Dakar
67%
Bangla Desh Dhaka
67%
Egipte El Caire
67%
Armènia Erevan
67%
Israel Jerusalem
67%
Jamaica Kingston
67%
Malta La Valletta
67%
Cuba L'Havana
67%
Perú Lima
67%
Eslovènia Ljubljana
67%
Luxemburg Luxemburg
67%
Uruguai Montevideo
67%
Montenegro Podgorica
67%
Kosovo Pristina
67%
Corea del Nord Pyongyang
67%
Equador Quito
67%
Marroc Rabat
67%
Islàndia Reykjavík
67%
Letònia Riga
67%
Xile Santiago
67%
República Dominicana Santo Domingo
67%
Corea del Sud Seül
67%
Singapur Singapur
67%
Estònia Tallinn
67%
Japó Tòquio
67%
Liechtenstein Vaduz
67%
Ghana Accra
50%
Algèria Alger
50%
Madagascar Antananarivo
50%
Iraq Bagdad
50%
Azerbaidjan Bakú
50%
Mali Bamako
50%
Brunei Bandar Seri Begawan
50%
Líban Beirut
50%
Guinea-Bissau Bissau
50%
Eslovàquia Bratislava
50%
República del Congo Brazzaville
50%
Guatemala Ciutat de Guatemala
50%
Síria Damasc
50%
Timor Oriental Dili
50%
Djibouti Djibouti
50%
Tanzània Dodoma
50%
Qatar Doha
50%
Zimbàbue Harare
50%
Pakistan Islamabad
50%
Indonèsia Jakarta
50%
Sudan del Sud Juba
50%
Afganistan Kabul
50%
Uganda Kampala
50%
Nepal Kathmandu
50%
República Democràtica del Congo Kinshasa
50%
Malàisia Kuala Lumpur
50%
Bolívia La Paz / Sucre
50%
Togo Lomé
50%
Angola Luanda
50%
Maldives Malé
50%
Bahrain Manama
50%
Filipines Manila
50%
Lesotho Maseru
50%
Kenya Nairobi
50%
Txad N'Djamena
50%
Xipre Nicòsia
50%
Surinam Paramaribo
50%
Haití Port-au-Prince
50%
Trinidad i Tobago Port-of-Spain
50%
Benín Porto-Novo / Cotonou
50%
Sud-àfrica Pretòria / Ciutat del Cap / Bloemfontein
50%
Grenada Saint George's
50%
Antigua i Barbuda Saint John's
50%
El Salvador San Salvador
50%
São Tomé i Príncipe São Tomé
50%
Macedònia del Nord Skopje
50%
Taiwan Taipei
50%
Kiribati Tarawa Sud
50%
Geòrgia Tbilissi
50%
Hondures Tegucigalpa
50%
Iran Teheran
50%
Tunísia Tunis
50%
Mongòlia Ulaanbaatar
50%
Lituània Vílnius
50%
Nova Zelanda Wellington
50%
Camerun Yaoundé
50%
Nigèria Abuja
33%
Turkmenistan Aixkhabad
33%
Jordània Amman
33%
Eritrea Asmara
33%
Kazakhstan Astana
33%
República Centreafricana Bangui
33%
Gàmbia Banjul
33%
Belize Belmopan
33%
Kirguizstan Bishkek
33%
Barbados Bridgetown
33%
Santa Lucia Castries
33%
Kuwait Ciutat de Kuwait
33%
Guinea Conakry
33%
Tadjikistan Dushanbe
33%
Sierra Leone Freetown
33%
Tuvalu Funafuti
33%
Botswana Gaborone
33%
Guyana Georgetown
33%
Burundi Gitega
33%
Vietnam Hanoi
33%
Illes Salomó Honiara
33%
Sudan Khartum
33%
Ruanda Kigali
33%
Saint Vincent i les Grenadines Kingstown
33%
Gabon Libreville
33%
Malawi Lilongwe
33%
Zàmbia Lusaka
33%
Moçambic Maputo
33%
Somàlia Mogadiscio
33%
Libèria Monròvia
33%
Comores Moroni
33%
Oman Muscat
33%
Bahames Nassau
33%
Myanmar Naypyidaw
33%
Palau Ngerulmud
33%
Níger Niamey
33%
Mauritània Nouakchott
33%
Tonga Nukuʻalofa
33%
Burkina Faso Ouagadougou
33%
Cambodja Phnom Penh
33%
Maurici Port Louis
33%
Papua Nova Guinea Port Moresby
33%
Cap Verd Praia
33%
Aràbia Saudita Riyadh
33%
Dominica Roseau
33%
Iemen Sanà
33%
Sri Lanka Sri Jayawardenepura Kotte
33%
Fiji Suva
33%
Uzbekistan Taixkent
33%
Bhutan Thimphu
33%
Líbia Trípoli
33%
Seychelles Victòria
33%
Laos Vientiane
33%
Namíbia Windhoek
33%
Costa d'Ivori Yamoussoukro
33%
Nauru Yaren
33%
Samoa Apia
17%
Saint Kitts i Nevis Basseterre
17%
Illes Marshall Majuro
17%
Guinea Equatorial Malabo
17%
Swazilàndia Mbabane
17%
Micronèsia Palikir
17%
Vanuatu Port Vila
17%
No matching quizzes found
Score Distribution
Percent of People with Each Score
Percentile by Number Answered
Your Score History
You have not taken this quiz